[Event "Druzynowe Mistrzostwa Polski Juniorow - II liga"]
[Site "Sypniewo k. Jastrowia"]
[Date "2023-06-14"]
[Round "1.1"]
[White "Zalega, Maciej"]
[Black "Syrkiewicz, Michal"]
[Result "1-0"]
[WhiteTitle "I++"]
[BlackTitle "k"]
[WhiteElo "2166"]
[BlackElo "1945"]

1. e4 2. c5 3. Nf3 4. e6 5. g3 6. a6 7. Bg2 8. b5 9. c3 10. Bb7 11. Qe2 12. d5
13. exd5 14. Bxd5 15. d3 16. Nf6 17. O-O 18. Be7 19. c4 20. Bb7 21. Nc3 22. b4
23. Ne4 24. O-O 25. b3 26. Nc6 27. Bb2 28. Qc7 29. Rad1 30. Rfd8 31. Bxf6 32.
gxf6 33. Qe3 34. Nd4 35. Qh6 36. Nxf3+ 37. Bxf3 38. f5 39. Ng5 40. Bxg5 41. Qxg5+
42. Kf8 43. Bxb7 44. Qxb7 45. Qf6 46. Rd4 47. Qh8+ 48. Ke7 49. Qe5 50. Rc8 51.
Rde1 52. Kd7 53. Re3 54. h5 55. Rfe1 56. h4 57. Qg7 58. Kc6 59. Rxe6+ 60. fxe6
61. Rxe6+ 62. Rd6 63. Rxd6+ 64. Kxd6 65. Qxb7 1-0

[Event "Druzynowe Mistrzostwa Polski Juniorow - II liga"]
[Site "Sypniewo k. Jastrowia"]
[Date "2023-06-14"]
[Round "1.2"]
[White "Olszewski, Antoni"]
[Black "Stachecki, Mikolaj"]
[Result "1/2-1/2"]
[WhiteTitle "I"]
[BlackTitle "I++"]
[WhiteElo "1767"]
[BlackElo "2016"]

1. e4 2. c5 3. Nf3 4. Nc6 5. d4 6. cxd4 7. Nxd4 8. Nf6 9. Nc3 10. d6 11. Bc4 12.
e6 13. O-O 14. Be7 15. Be3 16. O-O 17. Bb3 18. Bd7 19. f4 20. Nxd4 21. Bxd4 22.
Bc6 23. Qf3 24. b5 25. Rfe1 26. b4 27. Nd1 28. a5 29. a3 30. Qc7 31. Nf2 32. e5
33. Be3 34. Qb7 35. Bd2 36. h6 37. fxe5 38. dxe5 39. Qg3 40. Kh8 41. Qxe5 42.
bxa3 43. bxa3 44. a4 45. Bc4 46. Rae8 47. Qf4 48. Nxe4 49. Nxe4 50. Bxe4 51. Re2
52. Bg5 53. Qg3 54. Bxd2 55. Rxd2 56. Bg6 57. Bd5 58. Qb2 59. Rad1 60. Bxc2 61.
Qf2 62. Rc8 63. Be4 64. Qxa3 65. Rxc2 66. Rce8 67. Bf3 68. Qb3 69. Rb2 70. Qc3
71. Ra2 72. a3 73. Rda1 74. Rb8 75. Rxa3 76. Qf6 77. Ra8 78. Rxa8 79. Rxa8 80.
Rxa8 81. Bxa8 82. Qa1+ 83. Qf1 84. Qa7+ 85. Qf2 86. Qa1+ 87. Qf1 88. Qa7+ 1/2-1/2

[Event "Druzynowe Mistrzostwa Polski Juniorow - II liga"]
[Site "Sypniewo k. Jastrowia"]
[Date "2023-06-14"]
[Round "1.3"]
[White "Ratajczak, Hubert"]
[Black "Chmielnicki, Michal"]
[Result "1-0"]
[WhiteTitle "I"]
[BlackTitle "II"]
[WhiteElo "1958"]
[BlackElo "1087"]

1. c4 2. e5 3. g3 4. Nf6 5. Bg2 6. d5 7. cxd5 8. Nxd5 9. Nf3 10. Nc6 11. Nc3 12.
Nb6 13. O-O 14. Be7 15. b3 16. O-O 17. Bb2 18. Re8 19. Rc1 20. Bg4 21. d3 22.
f6 23. Qd2 24. Nd4 25. Nxd4 26. exd4 27. Nb5 28. c6 29. Nxd4 30. Nd5 31. e4 32.
Nc7 33. h3 34. Bh5 35. g4 36. Bf7 37. Nf5 38. Bd6 39. f4 40. Ne6 41. g5 42. fxg5
43. fxg5 44. Qc7 45. Bxg7 46. Bf4 47. Qc3 48. Bxg5 49. Bh6 50. Bxh6 51. Nxh6+
52. Kf8 53. Rxf7+ 54. Qxf7 55. Nxf7 56. Kxf7 57. Rf1+ 58. Ke7 59. Qb4+ 1-0

[Event "Druzynowe Mistrzostwa Polski Juniorow - II liga"]
[Site "Sypniewo k. Jastrowia"]
[Date "2023-06-14"]
[Round "1.4"]
[White "Wasilewski, Dawid"]
[Black "Prokopiuk, Jakub"]
[Result "0-1"]
[WhiteTitle "II"]
[BlackTitle "I"]
[WhiteElo "1145"]
[BlackElo "1522"]

1. e4 2. c5 3. Nf3 4. Nc6 5. d4 6. cxd4 7. Nxd4 8. Nf6 9. Nc3 10. d6 11. f3 12.
e5 13. Nb3 14. Be7 15. Be3 16. Be6 17. Qd2 18. O-O 19. g4 20. d5 21. Bf2 22. dxe4
23. g5 24. Nd5 25. Nxe4 26. Bf5 27. h4 28. Ndb4 29. a3 30. Qxd2+ 31. Kxd2 32.
Rfd8+ 33. Kc1 34. Nd5 35. Kb1 36. Rac8 37. Bd3 38. Bxe4 39. Bxe4 40. b6 41. Ka2
42. Nf4 43. Rae1 44. Ne6 45. Bf5 46. Rc7 47. Be4 48. Ncd4 49. Nxd4 50. Nxd4 51.
c3 52. Nb5 53. a4 54. Nxc3+ 55. bxc3 56. Rd2+ 57. Kb3 58. Rxf2 59. g6 60. hxg6
61. h5 62. gxh5 63. Rxh5 64. Bf6 65. Rd1 66. g6 67. Rhh1 68. Re2 69. Rd3 70. Bg5
71. Rg1 72. Bf4 73. Rh1 74. Re3 75. Rhd1 76. Rxd3 77. Rxd3 78. f5 79. Rd8+ 80.
Kg7 81. Bd5 82. Kf6 83. Rf8+ 84. Kg5 85. Rg8 86. Rd7 87. Bc6 88. Rd6 89. Bb7 90.
Be3 91. Ra8 92. a5 93. Rh8 94. Kf4 95. Rh4+ 96. Kg3 97. Rc4 98. g5 99. Bc8 100.
Rf6 101. Bb7 102. g4 103. fxg4 104. fxg4 105. Bc8 106. Rf4 107. Rc7 108. Kf2 109.
Rg7 110. g3 111. Bb7 112. e4 113. Rh7 114. g2 115. Rh2 116. Kg3 117. Rxg2+ 118.
Kxg2 0-1

[Event "Druzynowe Mistrzostwa Polski Juniorow - II liga"]
[Site "Sypniewo k. Jastrowia"]
[Date "2023-06-14"]
[Round "1.6"]
[White "Kalata, Julia"]
[Black "Rusiecki, Katarzyna"]
[Result "0-1"]
[WhiteTitle "I"]
[BlackTitle "I+"]
[WhiteElo "1061"]
[BlackElo "1332"]

1. e4 2. e6 3. d4 4. d5 5. exd5 6. exd5 7. Bd3 8. Nf6 9. Bf4 10. c5 11. c3 12.
Nc6 13. Nf3 14. Bg4 15. dxc5 16. Bxc5 17. O-O 18. O-O 19. Re1 20. Qb6 21. Qc2
22. Bxf3 23. gxf3 24. Rfe8 25. Rxe8+ 26. Rxe8 27. Bg3 28. Ne5 29. Bxe5 30. Rxe5
31. b4 32. Rg5+ 33. Kf1 34. Bd6 35. h4 36. Rh5 37. Ke1 38. Rxh4 39. Nd2 40. Bf4
41. Nf1 42. Nd7 43. Qe2 44. Ne5 45. Rd1 46. Qc6 47. c4 48. Qa4 49. Rb1 50. Qa3
51. Rb3 52. Qc1+ 53. Qd1 54. Nxf3+ 0-1

[Event "Druzynowe Mistrzostwa Polski Juniorow - II liga"]
[Site "Sypniewo k. Jastrowia"]
[Date "2023-06-14"]
[Round "1.7"]
[White "Skrzypinski, Jan"]
[Black "Kolodziejski, Piotr"]
[Result "1-0"]
[WhiteTitle "I"]
[BlackTitle "k"]
[WhiteElo "1862"]
[BlackElo "2049"]

1. e4 2. c5 3. b4 4. cxb4 5. a3 6. b3 7. cxb3 8. d5 9. exd5 10. Nf6 11. Nc3 12.
Nxd5 13. Bb2 14. e6 15. Nf3 16. Nf6 17. Bc4 18. Nbd7 19. O-O 20. Be7 21. d4 22.
Nb6 23. Re1 24. O-O 25. Rc1 26. a6 27. Ne5 28. Nbd5 29. Bxd5 30. exd5 31. Qf3
32. Be6 33. Ne2 34. Ne4 35. Ng3 36. Nd6 37. Qe3 38. Bg5 39. f4 40. Bh4 41. Rf1
42. Bxg3 43. hxg3 44. Bf5 45. g4 46. Be4 47. a4 48. Re8 49. Qd2 50. f6 51. Nf3
52. Qd7 53. Ba3 54. Rac8 55. Bxd6 56. Qxd6 57. g5 58. Qe6 59. gxf6 60. gxf6 61.
Qf2 62. Qg4 63. Nd2 64. Rc2 65. Nxe4 66. Rxe4 67. Rxc2 1-0

[Event "Druzynowe Mistrzostwa Polski Juniorow - II liga"]
[Site "Sypniewo k. Jastrowia"]
[Date "2023-06-14"]
[Round "1.8"]
[White "Kejna, Piotr"]
[Black "Kaczmarek, Jan"]
[Result "1-0"]
[WhiteTitle "CM"]
[BlackTitle "II+"]
[WhiteElo "1991"]
[BlackElo "1574"]

1. e4 2. e6 3. d4 4. d5 5. Nc3 6. Bb4 7. e5 8. c5 9. a3 10. Bxc3+ 11. bxc3 Ne7
12. h4 13. Qc7 14. Nf3 15. b6 16. h5 17. h6 18. Rh4 19. Ba6 20. Rg4 21. Bxf1 22.
Kxf1 23. Nf5 24. Nh4 25. Nxh4 26. Rxh4 27. cxd4 28. cxd4 29. Qc4+ 30. Kg1 31.
Nc6 32. Rg4 33. Rh7 34. a4 35. Rc8 36. Ra3 37. Nb4 38. c3 39. Qd3 40. Bd2 41.
Nc6 42. Rg3 43. Qf5 44. a5 45. Nxa5 46. Qa4+ 47. Nc6 48. c4 49. dxc4 50. Qxc4
51. Qxh5 52. Rgf3 53. Qg6 54. Qb5 55. Qe4 56. Rxa7 57. Qxd4 58. Rfxf7 59. Qc5
60. Qd3 1-0

[Event "Druzynowe Mistrzostwa Polski Juniorow - II liga"]
[Site "Sypniewo k. Jastrowia"]
[Date "2023-06-14"]
[Round "1.9"]
[White "Stachowiak, Bruno"]
[Black "Komendecki, Antoni"]
[Result "0-1"]
[WhiteTitle "II"]
[BlackTitle "I++"]
[WhiteElo "1591"]
[BlackElo "1965"]

1. e4 2. c5 3. Nf3 4. e6 5. d4 6. cxd4 7. Nxd4 8. a6 9. Bd3 10. b5 11. Be3 12.
Bb7 13. Nd2 14. Nc6 15. a4 16. b4 17. Nxc6 18. Bxc6 19. a5 20. Nf6 21. Qe2 22.
Bb7 23. Nb3 24. Qc8 25. f3 26. d5 27. O-O 28. Bd6 29. Bd4 30. dxe4 31. fxe4 32.
e5 33. Bb6 34. Qc6 35. Rad1 36. O-O 37. Bc4 38. Bc7 39. Bxc7 40. Qxc7 41. Rxf6
42. gxf6 43. Qg4+ 44. Kh8 45. Qf5 46. Rg8 47. Rd7 48. Rxg2+ 49. Kxg2 50. Bxe4+
51. Qxe4 52. Rg8+ 53. Kf2 54. Qxd7 55. Qf3 56. f5 57. Qd5 58. Qxd5 59. Bxd5 60.
Rc8 61. Na1 62. Kg7 63. Bb7 64. Rc5 65. c3 66. bxc3 67. bxc3 68. Rxa5 0-1

[Event "Druzynowe Mistrzostwa Polski Juniorow - II liga"]
[Site "Sypniewo k. Jastrowia"]
[Date "2023-06-14"]
[Round "1.10"]
[White "Kawulski-chodkiewicz, Alexander"]
[Black "Jasinski, Bartlomiej"]
[Result "1-0"]
[WhiteTitle "I"]
[BlackTitle "III"]
[WhiteElo "1697"]
[BlackElo "1178"]

1. e4 2. d5 3. exd5 4. Qxd5 5. Nc3 6. Qa5 7. Nf3 8. Nf6 9. Bc4 10. Bf5 11. O-O
12. e6 13. d4 14. c6 15. h3 16. h6 17. Qe2 18. Be7 19. Bf4 20. Nbd7 21. Rad1 22.
Nd5 23. Nxd5 24. exd5 25. Bb3 26. Be6 27. Ne5 28. Nxe5 29. Bxe5 30. Bf6 31. Bxf6
32. gxf6 33. f4 34. O-O-O 35. f5 36. Bd7 37. Qe7 38. Qc7 39. Qxf6 40. Qg3 41.
Rd3 Qg5 42. Qxg5 hxg5 43. c4 44. f6 45. cxd5 46. cxd5 47. Bxd5 48. Bb5 49. Rc1+
50. Kb8 51. Bc4 52. Rc8 53. Rdc3 54. Bxc4 55. Rxc4 56. Rxc4 57. Rxc4 58. Rd8 59.
Kf2 60. b5 61. Rc5 62. Rxd4 63. Rxb5+ 64. Kc7 65. g4 66. Rd2+ 67. Ke1 Rh2 68.
Rb3 69. Kd6 70. Kf1 71. Ke5 72. a4 73. Kf4 74. a5 75. Rh1+ 76. Kg2 77. Ra1 78.
Ra3 79. Rb1 80. Rf3+ 81. Ke4 82. Rf2 83. Ke3 84. Kg3 85. Rg1+ 86. Rg2 87. Rb1
88. h4 89. gxh4+ 90. Kxh4 91. Kf3 92. Rh2 93. Ra1 94. Kh5 95. Rxa5 96. Rh3+ 97.
Kf4 98. Ra3 99. Rb5 100. Ra4+ 101. Ke5 102. Kg6 103. Rxb2 104. Rxa7 105. Rg2 106.
Ra5+ 107. Kd6 108. Ra6+ 109. Ke7 110. Re6+ 111. Kd7 112. Re4 113. Kd6 114. Kxf6
115. Kd7 116. g5 117. Rb2 118. Re6 119. Rb8 120. Re7+ 121. Kd6 122. g6 123. Rf8+
124. Rf7 125. Ra8 126. g7 127. Rc8 128. Rf8 129. Kd7 130. Rxc8 131. Kxc8 132.
g8=Q+ 133. Kd7 134. Qc4 135. Kd6 136. Qb5 137. Kc7 138. Qa6 139. Kd7 140. Qb6
141. Kc8 142. Qa7 143. Kd8 144. Qb7 145. Ke8 146. Qc8# 1-0

[Event "Druzynowe Mistrzostwa Polski Juniorow - II liga"]
[Site "Sypniewo k. Jastrowia"]
[Date "2023-06-14"]
[Round "1.11"]
[White "Niemier, Martyna"]
[Black "Romejko, Jagoda"]
[Result "1/2-1/2"]
[WhiteTitle "I"]
[BlackTitle "I"]
[WhiteElo "1373"]
[BlackElo "1525"]

1. d4 2. d5 3. c4 4. dxc4 5. Nf3 6. Nf6 7. Nc3 8. e6 9. e3 10. a6 11. Bxc4 12.
c5 13. O-O 14. Nc6 15. a3 16. Be7 17. dxc5 18. Qxd1 19. Rxd1 20. Bxc5 21. b4 22.
Be7 23. Bb2 24. b5 25. Be2 26. Bb7 27. Rd2 28. O-O 29. Rad1 30. Rfd8 31. h3 32.
Kf8 33. Kf1 34. Rxd2 35. Rxd2 36. Rd8 37. Rxd8+ 38. Bxd8 39. Bd3 40. Ne7 41. Ng5
42. h6 43. Nge4 44. Ned5 45. Nc5 46. Bc8 47. N3e4 48. Nxe4 49. Bxe4 50. a5 51.
Bd3 52. axb4 53. axb4 54. Nxb4 55. Bxb5 56. Be7 57. Nd7+ 58. Kg8 59. Ba3 60. Nd5
61. Bxe7 62. Nxe7 63. Ne5 64. f6 65. Nc6 66. Kf8 67. Nxe7 68. Kxe7 69. Ke2 70.
Bb7 71. f3 72. Kd6 73. g3 74. e5 75. f4 76. Be4 77. Bd3 78. Kd5 79. Ba6 80. exf4
81. exf4 82. Kd4 83. Kd2 84. Bf3 85. h4 86. g5 87. fxg5 88. fxg5 89. hxg5 90.
hxg5 91. Bc8 92. Bh5 93. Bb7 94. Bg6 95. Bf3 96. Be4 97. Ke2 98. Bd3+ 99. Kf2
100. Bf5 101. Bb7 102. Bg4 103. Bg2 104. Kd3 105. Bf3 106. Bf5 1/2-1/2

[Event "Druzynowe Mistrzostwa Polski Juniorow - II liga"]
[Site "Sypniewo k. Jastrowia"]
[Date "2023-06-14"]
[Round "1.12"]
[White "Miklosz, Malgorzata"]
[Black "Kubacka, Patrycja"]
[Result "1-0"]
[WhiteTitle "I"]
[BlackTitle "II"]
[WhiteElo "1299"]
[BlackElo "1069"]

1. e4 2. e5 3. Nf3 4. Nf6 5. Bc4 6. Nxe4 7. Nc3 8. Nxc3 9. dxc3 10. Be7 11. Nxe5
12. O-O 13. O-O 14. d6 15. Nf3 16. Bg4 17. h3 18. Be6 19. Bd3 20. Nc6 21. Be3
22. Ne5 23. Nxe5 24. dxe5 25. Qh5 26. f5 27. Rad1 28. Qe8 29. Qxe8 30. Rfxe8 31.
f4 32. e4 33. Be2 34. b6 35. Bb5 36. Red8 37. Bc6 38. Rab8 39. b3 40. Rd6 41.
Rxd6 42. Bxd6 43. Rd1 44. Rd8 45. Kf2 g5 46. g3 47. Kf7 48. a4 49. Bd7 50. Bd5+
51. Be6 52. Bc6 53. Bd7 54. Bxd7 55. Rxd7 56. Ke2 57. Ke6 58. Rg1 59. h6 60. fxg5
61. hxg5 62. Bxg5 63. Rg7 64. h4 65. f4 66. gxf4 67. Bxf4 68. Rg4 69. Bxg5 70.
Rxg5 71. Rh7 72. h5 73. Kf6 74. Rd5 75. Rg7 76. Ke3 77. Rg3+ 78. Kxe4 79. Rxc3
80. Rf5+ 81. Kg7 82. Rf2 83. Kh6 84. Rh2 85. a6 86. Kd4 87. Rc5 88. b4 89. Rc6
90. c3 91. b5 92. axb5 93. axb5 94. Rh3 95. Rc4+ 96. Kd5 97. Rf4 98. Kc6 99. Rf5
100. Kxc7 101. Rf6 102. Rd3 103. Rf5 104. Rh3 105. Rf6 106. Kd7 107. Ra6 108.
Re3 109. Ra3 110. Kc6 111. Kxh5 112. Kxb5 113. Kg6 114. Kc5 115. Kf6 116. b5 117.
Ra5 118. Kb4 119. Ra8 120. b6 121. Rb8 122. Kb5 123. Kf5 124. Kc6 125. Kf4 126.
Rd3 127. Ke4 128. Rd4+ 129. Ke5 130. Kc7 131. Rxb6 132. Kxb6 133. Ke6 134. c4
135. Ke5 136. Rd1 137. Ke4 138. c5 139. Ke3 140. c6 141. Ke2 142. Rd8 143. Ke3
144. c7 145. Ke4 146. c8=Q 147. Ke5 148. Re8+ 149. Kf6 150. Qe6+ 151. Kg5 152.
Qf7 153. Kg4 154. Rg8+ 155. Kh4 156. Qh7# 1-0

[Event "Druzynowe Mistrzostwa Polski Juniorow - II liga"]
[Site "Sypniewo k. Jastrowia"]
[Date "2023-06-14"]
[Round "1.14"]
[White "Bochenek, Piotr"]
[Black "Haluja, Wiktor"]
[Result "0-1"]
[WhiteTitle "II"]
[BlackTitle "II+"]
[WhiteElo "1294"]
[BlackElo "1573"]

1. d4 2. Nf6 3. c4 4. e6 5. g3 6. d5 7. Bg2 8. Be7 9. Nf3 10. O-O 11. O-O 12. c6
13. Nfd2 14. b6 15. Nc3 16. Bb7 17. e4 18. Na6 19. cxd5 20. cxd5 21. e5 22. Nd7
23. Qg4 24. Re8 25. Ne2 26. Nb4 27. Nf3 28. Ba6 29. Bh6 30. Bf8 31. Nf4 32. f5
33. Qh5 34. gxh6 35. g4 36. Bxf1 37. Rxf1 38. Re7 39. g5 40. Qe8 41. Qh4 42. Rg7
43. Qxh6 44. Rg6 45. Qh5 46. Be7 47. h4 48. Nf8 49. a3 50. Nc6 51. Kh2 52. h6
53. Rc1 54. Rc8 55. Rg1 56. hxg5 57. Nxg5 58. Rxg5 59. Qxe8 60. Rxe8 61. hxg5
62. Nxd4 63. g6 64. Bg5 65. Nh3 66. Bh6 67. Rd1 68. Ne2 69. Bf3 70. Nf4 71. g7
72. Nd7 73. Kg3 74. Nxh3 75. Kxh3 Nxe5 76. Bh5 77. Re7 78. Re1 79. Nd3 80. Rf1
81. Nf4+ 82. Kh4 83. Nxh5 84. Kxh5 85. Bxg7 86. Kg6 87. Bxb2 88. f4 89. Rg7+ 90.
Kh6 91. Rg4 92. a4 93. Rxf4 94. Rb1 95. Bf6 96. Kg6 97. Be7 0-1

[Event "Druzynowe Mistrzostwa Polski Juniorow - II liga"]
[Site "Sypniewo k. Jastrowia"]
[Date "2023-06-14"]
[Round "1.15"]
[White "Majcher, Igor"]
[Black "Smolinski, Wojciech"]
[Result "1-0"]
[WhiteTitle "I"]
[BlackTitle "II"]
[WhiteElo "1732"]
[BlackElo "1472"]

1. e4 2. c5 3. Nf3 4. d6 5. d4 6. cxd4 7. Nxd4 8. Nf6 9. Nc3 10. Nc6 11. Bg5 12.
e6 13. Qd2 14. a6 15. O-O-O 16. Bd7 17. f4 18. b5 19. Bxf6 20. gxf6 21. f5 22.
h5 23. Kb1 24. Ne5 25. fxe6 26. fxe6 27. Bd3 28. Rb8 29. Rhf1 30. b4 31. Nd5 32.
exd5 33. exd5 Be7 34. Bf5 35. Bxf5 36. Rxf5 37. Qb6 38. Qe2 39. Kd7 40. Rxh5 41.
Rxh5 42. Qxh5 Kc7 43. Ne6+ 44. Kb7 45. Qh7 46. Re8 47. g4 48. Ka8 49. h4 50. Qb7
51. g5 fxg5 52. hxg5 53. Bd8 54. g6 Qxh7 55. gxh7 56. Rh8 57. Nxd8 58. Rxh7 59.
Kc1 60. Rh2 61. Nc6 62. Nc4 63. Nxb4 64. a5 65. Nc6 66. Ne3 67. Re1 68. Nxc2 69.
Re7 Rh1+ 70. Kxc2 71. Rh2+ 72. Kb3 73. a4+ 74. Kc4 75. Rc2+ 76. Kd3 77. Rd2+ 78.
Kxd2 79. a3 80. Ra7# 1-0

[Event "Druzynowe Mistrzostwa Polski Juniorow - II liga"]
[Site "Sypniewo k. Jastrowia"]
[Date "2023-06-14"]
[Round "1.17"]
[White "Lopusiewicz, Marta"]
[Black "Trybus, Dominika"]
[Result "0-1"]
[WhiteTitle "II+"]
[BlackTitle "I++"]
[WhiteElo "1153"]
[BlackElo "1555"]

1. d4 2. Nf6 3. c4 4. e6 5. Nf3 6. d5 7. e3 8. Be7 9. Nc3 10. O-O 11. cxd5 12.
exd5 13. Bd3 14. Bg4 15. h3 16. Bh5 17. Be2 18. c6 19. O-O 20. Nbd7 21. a3 22.
a5 23. Nh4 24. Bxe2 25. Qxe2 26. Ne4 27. Nf5 28. Bf6 29. Nxe4 30. dxe4 31. Ng3
32. Re8 33. Qg4 34. Qe7 35. Nf5 36. Qe6 37. Bd2 38. h5 39. Qf4 40. g5 41. Nh6+
42. Kg7 43. Qc7 44. Kxh6 45. Qxb7 46. Reb8 47. Qc7 48. Bd8 49. Qg3 50. Rxb2 51.
Bc1 52. Rb7 53. f3 54. Bc7 55. Qf2 56. Qd6 57. f4 58. gxf4 59. exf4 60. f5 61.
g4 62. Rg8 63. Qh4 64. Qxd4+ 65. Kg2 66. fxg4 67. f5+ 68. e3 69. Qe7 70. gxh3+
71. Kf3 72. Ne5+ 73. Ke2 74. Rg2+ 75. Ke1 76. Qc3+ 77. Kd1 78. Qc2+ 79. Ke1 80.
Nd3# 0-1

[Event "Druzynowe Mistrzostwa Polski Juniorow - II liga"]
[Site "Sypniewo k. Jastrowia"]
[Date "2023-06-14"]
[Round "1.18"]
[White "Zylak, Emilia"]
[Black "Michalska, Lena"]
[Result "1-0"]
[WhiteTitle "II"]
[BlackTitle "I"]
[WhiteElo "1061"]
[BlackElo "1461"]

1. e4 2. g6 3. d4 4. Bg7 5. Nf3 6. c6 7. Nc3 8. d5 9. e5 10. Bg4 11. h3 12. Bxf3
13. Qxf3 14. e6 15. Bd3 16. Nd7 17. O-O 18. a6 19. b3 20. Ne7 21. Bb2 22. c5 23.
dxc5 24. Nxc5 25. Qg3 26. Nxd3 27. cxd3 28. Rc8 29. d4 30. Qb6 31. Qd3 32. Nc6
33. Na4 34. Qa7 35. Rac1 36. b5 37. Nc5 38. O-O 39. a3 40. Nb8 41. Rc3 42. Rc6
43. Rfc1 44. Rfc8 45. Qd2 46. Qb6 47. R3c2 48. Qa7 49. Rc3 50. Nd7 51. Nxd7 52.
Qxd7 53. Rxc6 54. Rxc6 55. Rxc6 56. Qxc6 57. Qc3 58. Qxc3 59. Bxc3 60. f6 61.
exf6 62. Bxf6 63. Kf1 64. Kf7 65. Ke2 66. Be7 67. a4 68. Kf6 69. axb5 70. axb5
71. Ke3 72. Bd6 73. Kd3 74. Kf5 75. Ke3 76. h5 77. g3 78. g5 79. Kf3 80. g4+ 81.
hxg4+ 82. hxg4+ 83. Ke3 84. Ba3 85. b4 86. Bc1+ 87. Kd3 88. Bg5 89. Bb2 90. Be7
91. Bc3 92. Bd6 93. Ke3 94. Bc7 95. Kd3 96. Bb6 97. Bb2 98. e5 99. Ke3 100. Ba7
101. Ba1 102. Bb6 103. Bb2 104. exd4+ 105. Bxd4 106. Bd8 107. f3 108. Bg5+ 109.
f4 110. Be7 111. Bc3 112. Bf8 113. Kd3 114. Be7 115. Ke3 116. Ke6 117. Kd3 118.
Bd6 119. Kd4 120. Bc7 121. Kc5 122. Bb8 123. Kxb5 124. Ba7 125. Be1 126. Be3 127.
Kc6 128. d4 129. b5 130. d3 131. b6 132. Kf5 133. b7 134. Ba7 135. Kd5 136. Kf6
137. Ke4 138. Ke7 139. Kxd3 140. Kd7 141. Ke4 142. Kc7 143. f5 144. Bc5 145. Kf4
146. Kxb7 147. Kxg4 148. Kc7 149. Kf4 150. Kd7 151. Ke5 152. Ke7 153. g4 154.
Bd6+ 155. Ke4 156. Kf6 157. Bh4+ 158. Kf7 159. Kd5 160. Bf4 161. g5 162. Bd2 163.
g6+ 164. Kg7 165. Ke6 166. Bc3 167. Bg3 168. Bd2 169. Be5+ 170. Kg8 171. Ke7 172.
Bb4+ 173. Ke8 174. Bc3 175. Bd6 176. Bb2 177. Ke7 178. Kg7 179. Ke6 180. Kh8 181.
Be5+ 182. Kg8 183. Bxb2 184. Kf8 185. f6 186. Ke8 187. g7 1-0

[Event "Druzynowe Mistrzostwa Polski Juniorow - II liga"]
[Site "Sypniewo k. Jastrowia"]
[Date "2023-06-14"]
[Round "1.19"]
[White "Garwacki, Kornel"]
[Black "Jendrowiak, Maciej"]
[Result "1/2-1/2"]
[WhiteTitle "I"]
[BlackTitle "I"]
[WhiteElo "1778"]
[BlackElo "1892"]

1. c4 2. c6 3. e4 4. d5 5. exd5 cxd5 6. cxd5 7. Nf6 8. Nc3 9. Nxd5 10. Bc4 11.
Nb6 12. Bb3 13. Nc6 14. Nf3 15. e6 16. d4 17. Be7 18. Bf4 19. a6 20. O-O 21. O-O
22. Qd3 23. Nb4 24. Qe4 25. N4d5 26. Nxd5 27. Nxd5 28. Bxd5 29. exd5 30. Qd3 31.
Bd6 32. Ng5 33. g6 34. Bxd6 35. Qxd6 36. f4 37. f6 38. Nf3 39. Qxf4 40. Rae1 41.
Bf5 42. Qb3 43. Qd6 44. h4 45. h5 46. Re3 47. Rae8 48. Rfe1 49. Rxe3 50. Qxe3
51. Kg7 52. Nd2 53. Rf7 54. Nf1 55. Be4 56. Ng3 57. f5 58. Rf1 59. Qf6 60. Ne2
61. Qxh4 62. Nf4 63. g5 64. Nxd5 65. Qg4 66. Rf2 67. Kg6 68. Nc3 69. Re7 70. d5
71. h4 72. Qb6+ 73. Kh7 74. Qf6 75. Rg7 76. d6 77. h3 78. Nxe4 79. fxe4 80. Qd4
81. Rd7 82. Rc2 83. Kg6 84. Rf2 85. Kh7 86. Rc2 1/2-1/2

[Event "Druzynowe Mistrzostwa Polski Juniorow - II liga"]
[Site "Sypniewo k. Jastrowia"]
[Date "2023-06-14"]
[Round "1.20"]
[White "Wierzbicki, Dawid"]
[Black "Nawrocki, Michal"]
[Result "1-0"]
[WhiteTitle "I"]
[BlackTitle "I"]
[WhiteElo "1762"]
[BlackElo "1595"]

1. d4 2. d5 3. c4 4. Nc6 5. Nf3 6. Bg4 7. e3 8. e5 9. Be2 10. dxc4 11. Nc3 12.
Bb4 13. O-O 14. Bxc3 15. bxc3 16. Nge7 17. Rb1 18. b6 19. Nd2 20. Bxe2 21. Qxe2
22. O-O 23. Qxc4 24. Qd5 25. Ba3 26. Qxc4 27. Nxc4 28. Rfe8 29. Rbc1 30. Nd5 31.
Rfd1 32. Nf6 33. d5 34. Nb8 35. Nb2 36. Nbd7 37. c4 38. Rab8 39. Na4 40. Ne4 41.
f3 42. Nd6 43. c5 44. Nb5 45. Bb4 46. a5 47. Be1 48. Rbd8 49. d6 50. Nxc5 51.
Nxc5 52. bxc5 53. d7 54. Re7 55. Bxa5 56. Rexd7 57. Rxd7 58. Rxd7 59. Rb1 60.
c6 61. a4 62. Rb7 63. axb5 64. cxb5 65. Rc1 66. c4 67. Rb1 68. Kf8 69. Kf2 70.
Ke7 71. Bb4+ 72. Ke6 73. Ra1 74. Rc7 75. Ra6+ 76. Kd7 77. Bc3 78. f6 79. Rb6 1-0

[Event "Druzynowe Mistrzostwa Polski Juniorow - II liga"]
[Site "Sypniewo k. Jastrowia"]
[Date "2023-06-14"]
[Round "1.21"]
[White "Nowicki, Franciszek"]
[Black "Oles, Mateusz"]
[Result "0-1"]
[WhiteTitle "II"]
[BlackTitle "II"]
[WhiteElo "1289"]
[BlackElo "1471"]

1. e4 2. c5 3. Nf3 4. d6 5. d4 6. cxd4 7. Nxd4 8. Nf6 9. Nc3 10. g6 11. Be3 12.
Bg7 13. f3 14. O-O 15. Bc4 16. Nc6 17. Bb3 18. Qa5 19. Qd2 20. Nxd4 21. Bxd4 22.
Be6 23. Bxe6 24. fxe6 25. O-O-O 26. Nd7 27. Bxg7 28. Kxg7 29. h4 30. Qe5 31. Ne2
32. h6 33. Qd4 34. Rac8 35. Rh3 36. Kh7 37. Qxe5 38. Nxe5 39. Nd4 40. Rf6 41.
g4 42. Kg8 43. g5 44. Rf7 45. gxh6 46. Rf6 47. Rg1 48. Nd3+ 49. Kb1 50. Nf4 51.
Rh2 52. Kh7 53. Rf1 54. e5 55. Ne2 56. Kxh6 57. Ng1 58. Kh5 59. c3 60. Rcf8 61.
Kc2 62. Ne6 63. Rff2 64. Rf4 65. Rfg2 66. R8f6 67. Rg5+ 68. Nxg5 69. hxg5+ 70.
Kxg5 71. Nh3+ 72. Kh4 73. Nxf4+ 74. Kg3 75. Rh7 76. exf4 77. Rxe7 78. Kxf3 79.
Rxb7 80. Kg2 81. Rxa7 82. f3 83. b4 84. f2 85. b5 86. f1=Q 87. b6 88. Rf2+ 89.
Kb3 90. Qb5+ 0-1

[Event "Druzynowe Mistrzostwa Polski Juniorow - II liga"]
[Site "Sypniewo k. Jastrowia"]
[Date "2023-06-14"]
[Round "1.23"]
[White "Michalska, Anna-maria"]
[Black "Nieckarz, Maja"]
[Result "0-1"]
[WhiteTitle "I"]
[BlackTitle "I++"]
[WhiteElo "1382"]
[BlackElo "1514"]

1. c4 2. c5 3. Nc3 4. d6 5. g3 6. Nf6 7. Bg2 8. Nc6 9. e4 10. g6 11. Nge2 12. Bg7
13. d3 14. O-O 15. O-O 16. Bd7 17. h3 Rb8 18. Be3 19. Ne8 20. Rb1 21. Nc7 22.
a3 23. b5 24. cxb5 25. Nxb5 26. Nxb5 27. Rxb5 28. d4 29. Nxd4 30. Bxd4 31. cxd4
32. Nxd4 33. Rb8 34. b4 35. Qb6 36. Nb3 Be5 37. Kh2 38. Bb5 39. f4 40. Bxf1 41.
Qxf1 42. Bg7 43. Qf3 44. Rbc8 45. f5 46. Rc3 47. Qg4 48. Be5 49. Kh1 50. Rxg3
51. Qe2 52. Rc8 53. Nd2 54. Rcc3 55. Qf1 56. Qe3 57. fxg6 58. hxg6 59. Nc4 60.
Rxc4 61. Qxc4 62. Qf2 63. Qc8+ 64. Kg7 65. Rg1 66. Bd4 67. Qc1 68. Qxg1+ 69. Qxg1
70. Bxg1 71. Kxg1 72. Rxa3 73. b5 74. Rb3 75. Bf1 76. Rb1 77. Kf2 78. Kf6 79.
Bd3 Rb2+ 80. Ke3 Rh2 81. Bf1 Rh1 82. Bg2 Rg1 0-1